| 000 | 00634nam a22001817a 4500 | ||
|---|---|---|---|
| 999 |
_c10727 _d10727 |
||
| 003 | AR-CdUCM | ||
| 008 | 190401b ||||| |||| 00| 0 spa d | ||
| 040 |
_aMUNICIPALIDAD PROVINCIAL DEL CUSCO _cBIBLIOTECA MUNICIPAL DEL CUSCO |
||
| 082 |
_a336 / _bR72 / 1934 |
||
| 100 |
_aRoca S., Erasmo P. _927725 |
||
| 245 | _aFinanzas generales / | ||
| 260 |
_aLima : _bD. Miranda, _c1934. |
||
| 300 |
_a237 páginas ; _c17 cm. |
||
| 505 | _aContenido: t.1. Naturaleza y contenido de la ciencia de las finanzas -- Los gastos públicos -- Los ingresos públicos ... | ||
| 650 |
_aFinanzas publicas _93448 |
||
| 942 |
_2ddc _cLIBROS |
||
| 945 | _aacv | ||